[Event "WJCC U20 Open 2019"]
[Site "New Delhi"]
[Date "2019.10.21"]
[Round "7.13"]
[White "Aronyak Ghosh"]
[Black "Kuybokarov, Temur"]
[Result "1/2-1/2"]
[WhiteElo "2380"]
[BlackElo "2501"]
[Annotator "TA"]
[PlyCount "114"]
[EventDate "2019.10.15"]
[EventType "swiss"]
[EventCountry "IND"]
[SourceTitle "playchess.com"]
[Source "ChessBase"]
[SourceQuality "1"]

{[%evp 11,114,-24,-15,-33,-21,-17,0,-19,18,25,42,35,37,26,29,20,48,52,52,52,52,52,52,52,51,44,50,47,41,12,18,0,0,-2,7,7,7,8,7,8,8,8,8,8,8,8,8,8,8,8,8,11,26,28,25,18,64,8,6,4,33,0,0,0,0,0,0,0,0,0,0,0,0,0,0,0,0,0,0,0,0,0,16,16,16,8,8,8,8,0,0,0,8,0,8,0,0,0,0,0,0,0,0,0,0]} 1. Nf3 d5 2. c4 d4 3. g3 Nc6 4. Bg2 e5 5. d3 Bb4+ 6. Bd2 a5 7. Na3 {A09: Réti Opening: 1 Nf3 d5 2 c4} Nf6 8. Nc2 Bd6 $146 ({Predecessor:} 8... O-O 9. O-O Re8 10. Nxb4 axb4 11. Bg5 h6 12. Bxf6 Qxf6 13. Nd2 Qe7 14. Qb3 Bg4 {½-½ (84) Nguyen,V (2449)-So,W (2655) Jakarta 2011}) 9. a3 Qe7 10. O-O a4 11. e3 dxe3 $1 12. Bxe3 O-O 13. Re1 Bc5 14. Bxc5 Qxc5 {[#]} 15. Nxe5 $1 {[%mdl 576] Remove Defender, Decoy} Nxe5 16. d4 {[%mdl 64] [#] Double Attack} Nf3+ $1 {[%mdl 512]} 17. Qxf3 Qxc4 18. Qc3 Qxc3 19. bxc3 c6 20. c4 Rd8 21. d5 cxd5 22. cxd5 Bf5 23. Ne3 Be4 24. Bxe4 Nxe4 25. Rec1 Rac8 26. Rxc8 Rxc8 $11 {[%mdl 4096] Endgame KRN-KRN} 27. Rb1 Nd6 28. Rb6 Rd8 29. Nd1 Kf8 30. Nc3 Rc8 31. Nxa4 Ke7 32. Rb3 Rc1+ 33. Kg2 Rd1 34. Re3+ ({Better is} 34. Nc3 $14 Rd2 35. a4) 34... Kd8 35. Nc3 Ra1 (35... Rd4 {is interesting.} 36. a4 Rc4 37. Kf3 Nf5 38. Rd3 f6) 36. Ne4 (36. a4 {with more complications.} Kd7 37. Rf3 Rc1 38. h4 g6 39. h5) 36... Nxe4 {The position is equal.} 37. Rxe4 Rxa3 {KR-KR} 38. d6 {Black should prevent Re7.} Ra6 39. Re7 b5 40. Rxf7 Rb6 $1 41. Rxg7 b4 {aiming for ...b3.} 42. Rc7 ({Don't blunder} 42. Rxh7 $2 b3 $19) 42... b3 {White must now prevent ...b2.} 43. Rc1 Rxd6 44. Rb1 Rd3 45. Kh3 Ke7 46. Kg4 Kf6 47. Kf4 Rc3 48. f3 h5 49. Ke4 h4 50. gxh4 Rc4+ 51. Kd3 Rxh4 52. Rb2 Kf5 53. Rg2 Kf4 54. Rg4+ Rxg4 55. fxg4 {Intending h3 and mate.} Kxg4 (55... b2 $5 56. Kc2 $8 Kxg4 $11) 56. Kc3 Kh3 57. Kxb3 Kxh2 {Accuracy: White = 63%, Black = 68%.} 1/2-1/2

[Event "WJCC U20 Open 2019"]
[Site "New Delhi"]
[Date "2019.10.21"]
[Round "7.14"]
[White "Arjun Kalyan"]
[Black "Sankalp Gupta"]
[Result "1/2-1/2"]
[WhiteElo "2483"]
[BlackElo "2369"]
[Annotator "ChessBase"]
[PlyCount "90"]
[EventDate "2019.10.15"]
[EventType "swiss"]
[EventCountry "IND"]
[SourceTitle "playchess.com"]
[Source "ChessBase"]
[SourceQuality "1"]
[TimeControl "40/5400+30:1800+30"]

1. e4 {[%emt 0:00:00]} c6 {[%emt 0:00:00]} 2. d4 {[%emt 0:00:08]} d5 {[%emt 0:00:00]} 3. e5 {[%emt 0:01:07]} c5 {[%emt 0:01:53]} 4. dxc5 {[%emt 0:00:38]} e6 {[%emt 0:00:04]} 5. Nf3 {[%emt 0:00:54]} Bxc5 {[%emt 0:00:07]} 6. Bd3 {[%emt 0:00:37]} Ne7 {[%emt 0:00:06]} 7. O-O {[%emt 0:01:12]} Ng6 {[%emt 0:00:20]} 8. a3 {[%emt 0:00:50]} O-O {[%emt 0:11:25]} 9. Ng5 {[%emt 0:03:13]} Qc7 {[%emt 0:05:30]} 10. Qh5 {[%emt 0:00:35]} h6 {[%emt 0:00:03]} 11. Nf3 {[%emt 0:00:27]} Nc6 {[%emt 0:13:15]} 12. Re1 Nd4 {[%emt 0:04:18]} 13. Nxd4 {[%emt 0:02:31]} Bxd4 {[%emt 0:00:20]} 14. c3 {[%emt 0:00:09]} Bb6 {[%emt 0:02:53]} 15. a4 {[%emt 0:00:58]} a5 {[%emt 0:13:19]} 16. Na3 {[%emt 0:01:32]} Bd7 {[%emt 0:00:49]} 17. Nc2 {[%emt 0:10:29]} Be8 {[%emt 0:06:06]} 18. Nd4 {[%emt 0:15:01]} Qe7 {[%emt 0:06:23]} 19. Be3 {[%emt 0:06:19]} f5 {[%emt 0:05:11]} 20. Nxf5 {[%emt 0:13:27]} Rxf5 {[%emt 0:00:04]} 21. Bxf5 {[%emt 0:00:05]} Nf8 {[%emt 0:00:09]} 22. Qf3 {[%emt 0:00:53]} Bxe3 {[%emt 0:00:03]} 23. Rxe3 {[%emt 0:00:08]} exf5 {[%emt 0:00:04]} 24. e6 {[%emt 0:01:10]} Ng6 {[%emt 0:14:22]} 25. Qxf5 {[%emt 0:13:29]} Qd6 {[%emt 0:00:06]} 26. Rg3 {[%emt 0:12:15]} Ne7 {[%emt 0:00:27]} 27. Qg4 {[%emt 0:01:50]} Qe5 {[%emt 0:02:09]} 28. Re3 {[%emt 0:01:34]} Qf5 {[%emt 0:01:46]} 29. Qh4 {[%emt 0:01:59]} Qf6 {[%emt 0:03:36]} 30. Qxf6 {[%emt 0:02:19]} gxf6 {[%emt 0:00:02]} 31. g4 {[%emt 0:00:49]} Kg7 {[%emt 0:02:21]} 32. h3 {[%emt 0:02:09]} f5 {[%emt 0:01:56]} 33. f4 {[%emt 0:02:45]} Kf6 {[%emt 0:00:21]} 34. Kf2 {[%emt 0:00:35]} Ra6 {[%emt 0:03:15]} 35. b3 {[%emt 0:03:00]} Rb6 {[%emt 0:00:25]} 36. Ra3 {[%emt 0:00:45]} Bg6 {[%emt 0:03:58]} 37. Re5 {[%emt 0:01:21]} Rxe6 {[%emt 0:00:50]} 38. Rxe6+ {[%emt 0:00:19]} Kxe6 {[%emt 0:00:02]} 39. Ra2 {[%emt 0:00:42]} h5 {[%emt 0:00:58]} 40. gxh5 {[%emt 0:01:12]} Bxh5 {[%emt 0:00:02]} 41. Ke3 {[%emt 0:01:19]} Nc6 {[%emt 0:09:08]} 42. Ra1 {[%emt 0:10:33]} Kf6 {[%emt 0:04:14]} 43. Rb1 {[%emt 0:01:52]} Bf7 {[%emt 0:00:21]} 44. Kd3 {[%emt 0:00:30]} Bh5 {[%emt 0:01:25]} 45. Ke3 {[%emt 0:00:36]} Bf7 {[%emt 0:00:02] Ke4 Ke5+} 1/2-1/2

[Event "WJCC U20 Open 2019"]
[Site "New Delhi"]
[Date "2019.10.21"]
[Round "7.15"]
[White "Parkhov, Yair"]
[Black "Janik, Igor"]
[Result "0-1"]
[WhiteElo "2350"]
[BlackElo "2467"]
[Annotator "TA"]
[PlyCount "136"]
[EventDate "2019.10.15"]
[EventType "swiss"]
[EventCountry "IND"]
[SourceTitle "playchess.com"]
[Source "ChessBase"]
[SourceQuality "1"]

{[%evp 11,136,22,23,16,20,14,22,22,22,20,20,18,22,18,15,18,13,13,29,27,31,31,37,26,28,14,20,9,13,13,13,0,0,0,1,8,13,23,16,18,41,26,35,32,23,16,23,13,70,0,0,0,0,0,0,0,0,0,0,-31,-33,-30,-40,-44,-43,-44,0,-52,0,0,0,0,0,0,0,0,0,-52,-52,-52,-58,-67,0,-63,-52,-52,-52,-52,-54,-54,-54,-54,-52,-52,-46,-46,-46,-46,-46,-46,-46,-46,-46,-46,-46,-12836,-12836,-12837,-12837,-12837,-12838,-12839,-12839,-12840,-12840,-12841,-12841,-12841,0,0,0,-12844,-12844,-12845,-12845,-12845,-12846]} 1. d4 Nf6 2. c4 e6 3. Nf3 d5 4. g3 dxc4 5. Bg2 Bb4+ 6. Bd2 a5 7. Qc2 {E04: Open Catalan: 5 Nf3} Bxd2+ 8. Qxd2 c6 9. a4 {The position is equal.} Ne4 10. Qc2 Nd6 11. O-O Na6 {[%cal Bb8a6,Ba6b4,Bb4d5,Bd5b6][%mdl 32]} 12. Ne5 Nb4 13. Qc3 Nd5 14. Qc1 {[#]} Nb6 $146 ({Predecessor:} 14... Qb6) 15. Na3 f6 16. Rd1 Ra6 {[%cal Ba8a6,Ba6b6,Bb6b4][%mdl 32]} 17. Qc2 O-O 18. Nexc4 Nbxc4 19. Nxc4 Nxc4 20. Qxc4 Rb6 21. Qc3 Rb4 22. Rd2 Qb6 23. e3 Rd8 24. Bf1 Bd7 25. Bc4 Kf7 26. e4 Ke7 27. b3 Be8 28. Rad1 {And now d5 would win.} Bh5 29. Re1 Bf7 (29... Qc7 $11) 30. Red1 (30. g4 $1 $14) 30... Kf8 31. d5 cxd5 32. exd5 e5 33. d6 Bxc4 34. bxc4 Qc6 35. c5 Qxa4 36. Qd3 h6 37. Qd5 Qc6 38. Qe6 {Hoping for Qe7+.} Re8 (38... Qd7 $5 {[%cal Rd7e6]} 39. Qa2 a4 $11) 39. Qa2 ({White should play} 39. Qf5 $11 Qxc5 40. Rd5) 39... Rb5 ({Don't go for} 39... Qxc5 $2 40. Rc2 $18) (39... a4 $15) 40. d7 $11 Rd8 41. Rd6 Qf3 42. Qc2 {With the idea Re6.} Rb4 43. c6 bxc6 44. Rxc6 (44. R6d3 $11 Qe4 45. Qc5+ Kf7 46. Qxa5) 44... Rb2 $1 $15 {[%cal Rb2c2]} 45. Qc5+ Kf7 46. Rcd6 Qf5 (46... a4 $1 $15) 47. R6d3 (47. Rf1 $1 $11) 47... Kg6 (47... a4 {is interesting.} 48. Qc4+ Kg6 49. f3 e4 50. g4 Qf4) 48. R3d2 Rxd2 49. Rxd2 Rxd7 50. Rxd7 Qxd7 51. Qxa5 {[%mdl 4096] Endgame KQ-KQ} h5 52. h4 e4 53. Qc5 Qd1+ 54. Kh2 Qf3 55. Kg1 Qf5 56. Qd4 Qe6 57. Qc5 Qe5 58. Qxe5 $4 {[%mdl 8192]} (58. Qc4 $15) 58... fxe5 {KP-KP} 59. Kf1 Kf5 60. Ke2 Ke6 $1 {[%cal Re6d5]} 61. Ke3 Kd5 62. Ke2 Kd4 63. Kd2 {[#]} e3+ $1 {[%mdl 512]} 64. fxe3+ {[#]} Ke4 $2 (64... Kc4 $1 $19 65. Kc2 e4) 65. Ke2 $11 Kf5 (65... g6 $5) 66. Kf3 $2 {[%mdl 8192]} (66. Kd3 $11 g6 67. Ke2) 66... e4+ $19 {Black is clearly winning.} 67. Kf2 Kg4 68. Kg2 {[#]} g6 $1 {Accuracy: White = 62%, Black = 70%.} 0-1

[Event "WJCC U20 Open 2019"]
[Site "New Delhi"]
[Date "2019.10.21"]
[Round "7.16"]
[White "Aditya Mittal"]
[Black "Audi Ameya"]
[Result "0-1"]
[WhiteElo "2430"]
[BlackElo "2336"]
[Annotator "NA"]
[PlyCount "92"]
[EventDate "2019.10.15"]
[EventType "swiss"]
[EventCountry "IND"]
[SourceTitle "playchess.com"]
[Source "ChessBase"]
[SourceQuality "1"]
[TimeControl "40/5400+30:1800+30"]

1. d4 {[%emt 0:00:00]} f5 {[%emt 0:00:00]} 2. Nc3 {[%emt 0:06:00]} Nf6 {[%emt 0:00:00]} 3. Bg5 {[%emt 0:00:47]} d5 {[%emt 0:00:00]} 4. Bxf6 {[%emt 0:03:20]} exf6 {[%emt 0:00:00]} 5. e3 {[%emt 0:00:16]} Be6 {[%emt 0:00:17]} 6. Nge2 {[%emt 0:02:43]} Qd7 {[%emt 0:08:57]} 7. g3 {[%emt 0:15:09]} Bd6 {[%emt 0:08:31]} 8. Nf4 {[%emt 0:05:39]} c6 {[%emt 0:00:52]} 9. Nxe6 {[%emt 0:02:08]} Qxe6 {[%emt 0:00:03]} 10. Qf3 {[%emt 0:00:18]} Nd7 {[%emt 0:03:35]} 11. Bd3 {[%emt 0:04:59]} g6 {[%emt 0:00:11]} 12. Ne2 {[%emt 0:00:22]} Qe7 {[%emt 0:19:00]} 13. h3 {[%emt 0:03:41]} O-O-O {[%emt 0:10:18]} 14. g4 {[%emt 0:04:51]} fxg4 {[%emt 0:10:37]} 15. hxg4 {[%emt 0:00:19]} Rhg8 {[%emt 0:04:23]} 16. O-O-O {[%emt 0:05:53]} Rg7 {[%emt 0:00:02]} 17. Kb1 {[%emt 0:00:54]} Nb6 {[%emt 0:04:27]} 18. c3 {[%emt 0:05:31]} a5 {[%emt 0:01:19]} 19. Rde1 {[%emt 0:09:12]} a4 {[%emt 0:01:20]} 20. Ng3 {[%emt 0:00:35]} Rf7 {[%emt 0:04:31]} 21. e4 {[%emt 0:06:11]} Qc7 {[%emt 0:00:01]} 22. exd5 {[%emt 0:01:59]} Nxd5 {[%emt 0:04:18]} 23. Ne4 {[%emt 0:03:44]} a3 {[%emt 0:00:22]} 24. c4 {[%emt 0:01:49]} Nf4 {[%emt 0:12:30]} 25. c5 {[%emt 0:01:21]} Bf8 {[%emt 0:00:38]} 26. Bc2 {[%emt 0:07:21]} axb2 {[%emt 0:01:27]} 27. Qa3 {[%emt 0:02:23]} Kb8 {[%emt 0:00:42]} 28. Re3 {[%emt 0:01:56]} Nd5 {[%emt 0:02:00]} 29. Rb3 {[%emt 0:00:16]} Re8 {[%emt 0:01:33]} 30. Kxb2 {[%emt 0:01:56]} Qf4 {[%emt 0:00:39]} 31. Qa5 {[%emt 0:00:52]} f5 {[%emt 0:00:42]} 32. Ra3 {[%emt 0:01:00]} Nc7 {[%emt 0:00:11]} 33. gxf5 {[%emt 0:01:21]} Rxe4 {[%emt 0:01:09]} 34. fxg6 {[%emt 0:00:50]} hxg6 {[%emt 0:00:08]} 35. Qa7+ {[%emt 0:01:17]} Kc8 {[%emt 0:00:02]} 36. Rb3 {[%emt 0:00:18]} Re2 {[%emt 0:01:25]} 37. Rxb7 {[%emt 0:00:38]} Rxc2+ {[%emt 0:00:45]} 38. Kb1 {[%emt 0:00:34]} Re2 {[%emt 0:00:59]} 39. Rd1 {[%emt 0:00:29]} Bg7 {[%emt 0:00:23]} 40. f3 {[%emt 0:00:33]} Qf5+ {[%emt 0:01:08]} 41. Ka1 {[%emt 0:30:08]} Bxd4+ {[%emt 0:02:22]} 42. Rxd4 {[%emt 0:00:00]} Re1+ {[%emt 0:00:02]} 43. Kb2 {[%emt 0:00:00]} Qb1+ {[%emt 0:00:03]} 44. Ka3 {[%emt 0:00:00]} Rxf3+ {[%emt 0:00:22]} 45. Rb3 {[%emt 0:00:00]} Rxb3+ {[%emt 0:00:06]} 46. axb3 {[%emt 0:00:00]} Nb5+ {[%emt 0:00:30]} 0-1

[Event "WJCC U20 Open 2019"]
[Site "New Delhi"]
[Date "2019.10.21"]
[Round "7.17"]
[White "Agmanov, Zhandos"]
[Black "Neelash Saha"]
[Result "1-0"]
[WhiteElo "2403"]
[BlackElo "2334"]
[Annotator "NA"]
[PlyCount "63"]
[EventDate "2019.10.15"]
[EventType "swiss"]
[EventCountry "IND"]
[SourceTitle "playchess.com"]
[Source "ChessBase"]
[SourceQuality "1"]
[TimeControl "40/5400+30:1800+30"]

1. e4 {[%emt 0:00:26]} c5 {[%emt 0:00:00]} 2. Nf3 {[%emt 0:01:10]} e6 {[%emt 0:00:00]} 3. d4 {[%emt 0:00:59]} cxd4 {[%emt 0:00:04]} 4. Nxd4 {[%emt 0:00:45]} Nc6 {[%emt 0:00:05]} 5. Nc3 {[%emt 0:01:27]} Qc7 {[%emt 0:00:08]} 6. Qd3 {[%emt 0:00:19]} a6 {[%emt 0:03:20]} 7. Nxc6 {[%emt 0:00:06]} Qxc6 {[%emt 0:07:07]} 8. Qg3 {[%emt 0:00:49]} Nf6 {[%emt 0:01:41]} 9. Bd3 {[%emt 0:02:44]} d6 {[%emt 0:03:04]} 10. a4 {[%emt 0:10:54]} Bd7 {[%emt 0:12:35]} 11. O-O {[%emt 0:11:29]} Qc7 {[%emt 0:01:51]} 12. a5 {[%emt 0:04:36]} Bc6 {[%emt 0:01:13]} 13. Be3 {[%emt 0:05:08]} h5 {[%emt 0:00:10]} 14. f3 {[%emt 0:04:22]} h4 {[%emt 0:01:25]} 15. Qf2 {[%emt 0:00:06]} d5 {[%emt 0:04:17]} 16. exd5 {[%emt 0:12:52]} Bxd5 {[%emt 0:04:37]} 17. Bb6 {[%emt 0:01:21]} Qb8 {[%emt 0:01:26]} 18. Qd4 {[%emt 0:16:40]} Bc6 {[%emt 0:03:26]} 19. Rad1 {[%emt 0:04:55]} Rh5 {[%emt 0:08:58]} 20. Bc4 {[%emt 0:12:41]} Nd7 {[%emt 0:03:10]} 21. Qg4 {[%emt 0:01:35]} Qe5 {[%emt 0:17:07]} 22. Rfe1 {[%emt 0:00:32]} Qf5 {[%emt 0:01:35]} 23. Nd5 {[%emt 0:03:44]} Bxd5 {[%emt 0:00:52]} 24. Bxd5 {[%emt 0:00:27]} Nxb6 {[%emt 0:10:15]} 25. axb6 {[%emt 0:00:01]} Bc5+ {[%emt 0:01:23]} 26. Kh1 {[%emt 0:00:01]} Rb8 {[%emt 0:00:19]} 27. Qxg7 {[%emt 0:01:06]} Qg5 {[%emt 0:01:53]} 28. Qc3 {[%emt 0:00:55]} Qe7 {[%emt 0:00:32]} 29. Bb3 {[%emt 0:01:14]} Bxb6 {[%emt 0:03:02]} 30. Qg7 {[%emt 0:00:02]} Bc5 {[%emt 0:02:56]} 31. Rxe6 {[%emt 0:00:29]} fxe6 {[%emt 0:00:48]} 32. Qg8+ {[%emt 0:00:06]} 1-0

[Event "WJCC U20 Open 2019"]
[Site "New Delhi"]
[Date "2019.10.21"]
[Round "7.18"]
[White "Pogosyan, Stefan"]
[Black "Percivaldi, Martin"]
[Result "1-0"]
[WhiteElo "2364"]
[BlackElo "2391"]
[Annotator "NA"]
[PlyCount "73"]
[EventDate "2019.10.15"]
[EventType "swiss"]
[EventCountry "IND"]
[SourceTitle "playchess.com"]
[Source "ChessBase"]
[SourceQuality "1"]
[TimeControl "40/5400+30:1800+30"]

1. c4 {[%emt 0:00:00]} e5 {[%emt 0:02:13]} 2. Nc3 {[%emt 0:00:17]} Nf6 {[%emt 0:00:15]} 3. g3 {[%emt 0:00:12]} c6 {[%emt 0:00:33]} 4. d4 {[%emt 0:06:23]} e4 {[%emt 0:00:45]} 5. Bg5 {[%emt 0:04:17]} Bb4 {[%emt 0:02:38]} 6. Qb3 {[%emt 0:03:54]} Bxc3+ {[%emt 0:03:46]} 7. Qxc3 {[%emt 0:02:24]} O-O {[%emt 0:03:32]} 8. Bg2 {[%emt 0:01:48]} d5 {[%emt 0:00:51]} 9. f3 {[%emt 0:09:29]} exf3 {[%emt 0:10:18]} 10. Nxf3 {[%emt 0:00:06]} Be6 {[%emt 0:00:21]} 11. Ne5 {[%emt 0:05:47]} h6 {[%emt 0:04:09]} 12. Bf4 {[%emt 0:03:54]} Nbd7 {[%emt 0:03:12]} 13. O-O {[%emt 0:01:11]} Nxe5 {[%emt 0:03:00]} 14. Bxe5 {[%emt 0:01:08]} Ne4 {[%emt 0:00:15]} 15. Bxe4 {[%emt 0:03:12]} dxe4 {[%emt 0:05:07]} 16. d5 {[%emt 0:01:57]} cxd5 {[%emt 0:23:19]} 17. Bxg7 {[%emt 0:00:47]} d4 {[%emt 0:00:08]} 18. Bxd4 {[%emt 0:00:34]} f5 {[%emt 0:00:08]} 19. b3 {[%emt 0:03:02]} Qg5 {[%emt 0:03:59]} 20. Rf4 {[%emt 0:01:02]} Rf7 {[%emt 0:02:40]} 21. Qa5 {[%emt 0:02:42]} Qg6 22. Raf1 {[%emt 0:01:57]} a6 {[%emt 0:05:20]} 23. Rh4 {[%emt 0:09:57]} Re8 {[%emt 0:03:11]} 24. Qe5 {[%emt 0:05:10]} Rh7 {[%emt 0:00:40]} 25. e3 {[%emt 0:04:13]} Bc8 {[%emt 0:04:41]} 26. Qc5 {[%emt 0:01:44]} Be6 {[%emt 0:02:13]} 27. a4 {[%emt 0:01:33]} Rc8 {[%emt 0:01:57]} 28. Qd6 {[%emt 0:02:03]} Rd7 {[%emt 0:01:28]} 29. Qe5 {[%emt 0:00:33]} Rh7 {[%emt 0:00:06]} 30. Rg4 fxg4 {[%emt 0:00:43]} 31. Rf6 {[%emt 0:06:25]} Qe8 {[%emt 0:04:32]} 32. Rxe6 {[%emt 0:00:46]} Qf7 {[%emt 0:03:16]} 33. Rf6 {[%emt 0:04:11]} Qe8 {[%emt 0:01:28]} 34. Qd5+ {[%emt 0:00:19]} Rf7 {[%emt 0:00:07]} 35. Rg6+ {[%emt 0:00:31]} Kf8 {[%emt 0:00:38]} 36. Rxh6 {[%emt 0:00:24]} Qd7 {[%emt 0:00:51]} 37. Qxd7 {[%emt 0:00:35]} 1-0

[Event "WJCC U20 Open 2019"]
[Site "New Delhi"]
[Date "2019.10.21"]
[Round "7.19"]
[White "Mendonca, Leon Luke"]
[Black "Pranav, V."]
[Result "1-0"]
[WhiteElo "2388"]
[BlackElo "2308"]
[Annotator "NA"]
[PlyCount "109"]
[EventDate "2019.10.15"]
[EventType "swiss"]
[EventCountry "IND"]
[SourceTitle "playchess.com"]
[Source "ChessBase"]
[SourceQuality "1"]
[TimeControl "40/5400+30:1800+30"]

1. d4 {[%emt 0:00:00]} Nf6 {[%emt 0:00:00]} 2. c4 {[%emt 0:00:00]} e6 {[%emt 0:00:00]} 3. Nc3 {[%emt 0:00:04]} Bb4 {[%emt 0:00:08]} 4. e3 {[%emt 0:00:14]} O-O {[%emt 0:00:10]} 5. Bd3 {[%emt 0:00:28]} d5 {[%emt 0:01:06]} 6. a3 {[%emt 0:00:30]} Bd6 {[%emt 0:03:36]} 7. c5 {[%emt 0:07:24]} Be7 {[%emt 0:00:09]} 8. b4 {[%emt 0:00:41]} Nbd7 {[%emt 0:05:16]} 9. f4 {[%emt 0:02:37]} c6 {[%emt 0:05:50]} 10. Nf3 {[%emt 0:01:14]} a5 {[%emt 0:00:29]} 11. Bd2 {[%emt 0:03:24]} b6 {[%emt 0:03:16]} 12. O-O {[%emt 0:05:22]} Ba6 {[%emt 0:08:29]} 13. Bxa6 {[%emt 0:15:55]} Rxa6 {[%emt 0:00:20]} 14. b5 {[%emt 0:04:08]} cxb5 {[%emt 0:00:26]} 15. c6 {[%emt 0:01:55]} Nb8 {[%emt 0:00:08]} 16. Ne5 {[%emt 0:00:09]} Ra8 {[%emt 0:04:57]} 17. Nxb5 {[%emt 0:02:51]} Na6 {[%emt 0:00:14]} 18. Qe2 {[%emt 0:05:39]} Nc7 {[%emt 0:02:50]} 19. Rfc1 {[%emt 0:04:55]} Bd6 {[%emt 0:06:10]} 20. Nxd6 {[%emt 0:12:33]} Qxd6 {[%emt 0:00:10]} 21. a4 {[%emt 0:02:42]} Rfc8 {[%emt 0:07:16]} 22. Rcb1 {[%emt 0:04:48]} Ra6 {[%emt 0:03:28]} 23. Bc1 {[%emt 0:02:12]} Qd8 {[%emt 0:11:50]} 24. Ba3 {[%emt 0:01:16]} Ne4 {[%emt 0:00:34]} 25. Rb3 {[%emt 0:08:40]} Qe8 {[%emt 0:01:21]} 26. Rc1 {[%emt 0:01:31]} f6 {[%emt 0:04:59]} 27. Nd7 {[%emt 0:00:37]} Rd8 {[%emt 0:01:14]} 28. Rb2 {[%emt 0:04:01]} h6 {[%emt 0:10:05]} 29. Nxb6 {[%emt 0:03:31]} Nd6 {[%emt 0:00:08]} 30. Bxd6 {[%emt 0:00:59]} Rxd6 {[%emt 0:00:06]} 31. Qc2 {[%emt 0:02:08]} e5 {[%emt 0:01:59]} 32. dxe5 {[%emt 0:01:20]} fxe5 {[%emt 0:00:05]} 33. Qc5 {[%emt 0:01:36]} exf4 {[%emt 0:00:12]} 34. exf4 {[%emt 0:00:06]} d4 {[%emt 0:00:51]} 35. Rbb1 {[%emt 0:01:10]} Qe3+ {[%emt 0:01:20]} 36. Kh1 {[%emt 0:00:07]} Re6 {[%emt 0:00:10]} 37. Nd5 {[%emt 0:00:39]} Qd2 {[%emt 0:02:30]} 38. Nxc7 {[%emt 0:00:55]} Raxc6 {[%emt 0:00:20]} 39. Nxe6 {[%emt 0:00:33]} Rxc5 {[%emt 0:00:06]} 40. Nxc5 {[%emt 0:00:02]} Qxf4 {[%emt 0:00:07]} 41. Rd1 {[%emt 0:02:24]} d3 {[%emt 0:00:38]} 42. Nxd3 {[%emt 0:00:19]} Qxa4 {[%emt 0:00:06]} 43. Ne5 {[%emt 0:00:17]} Qe4 {[%emt 0:00:17]} 44. Nf3 {[%emt 0:00:04]} a4 {[%emt 0:00:11]} 45. Ra1 {[%emt 0:00:03]} Qc2 {[%emt 0:00:38]} 46. Rd2 {[%emt 0:00:06]} Qc3 {[%emt 0:00:25]} 47. Rda2 {[%emt 0:00:05]} Kh7 {[%emt 0:00:07]} 48. Rxa4 {[%emt 0:00:03]} g5 {[%emt 0:00:21]} 49. Ra6 {[%emt 0:00:41]} Qe3 {[%emt 0:00:19]} 50. Re1 {[%emt 0:00:17]} Qc5 {[%emt 0:00:08]} 51. Rd1 {[%emt 0:00:42]} Qb5 {[%emt 0:00:08]} 52. Rdd6 {[%emt 0:00:19]} Kg7 {[%emt 0:00:06]} 53. Ra7+ {[%emt 0:00:15]} Kg8 {[%emt 0:00:06]} 54. Rd8+ {[%emt 0:00:05]} Qe8 {[%emt 0:00:03]} 55. Rxe8# {[%emt 0:00:06]} 1-0

[Event "WJCC U20 Open 2019"]
[Site "New Delhi"]
[Date "2019.10.21"]
[Round "7.20"]
[White "Raja Harshit"]
[Black "Aaryan Varshney"]
[Result "1-0"]
[WhiteElo "2440"]
[BlackElo "2239"]
[Annotator "TA"]
[PlyCount "87"]
[EventDate "2019.10.15"]
[EventType "swiss"]
[EventCountry "IND"]
[SourceTitle "playchess.com"]
[Source "ChessBase"]
[SourceQuality "1"]

{[%evp 15,101,39,42,37,54,49,55,50,63,61,97,102,129,130,135,115,171,178,368,371,580,575,558,378,523,289,283,280,277,268,329,330,361,361,348,354,345,333,387,384,434,420,412,356,432,432,404,290,269,276,313,306,287,302,343,326,487,459,719,719,1043,1015,1156,1067,2645,2260,2687,1673,2623,2436,1833,583,29972,29975,29974,29974,29979,29980,29982,29983,29982,29981,29980,29979,29979,29980,29979,29979]} 1. e4 c5 2. c3 d5 3. exd5 Qxd5 4. d4 Nf6 5. Nf3 e6 6. Na3 a6 7. Nc4 Nbd7 8. Be2 cxd4 9. Nxd4 {B22: Sicilian: 2 c3} (9. Qxd4 b5 10. Na5 Bc5 11. Qxd5 {½-½ (11) Maze,S (2564)-Romanov,E (2638) Sitges 2014}) 9... Bc5 10. O-O O-O 11. Nb3 {White is slightly better.} Ba7 12. Bf4 Nc5 $146 ({Predecessor:} 12... b5 13. Nca5 Bb7 14. Nxb7 Qxb7 15. a4 e5 16. Bg3 bxa4 17. Rxa4 {1-0 (51) Romm,M (2379)-Thierry,R (2299) ICCF email 2009}) 13. Bd6 Nxb3 14. Qxb3 {And now Rad1 would win.} Re8 15. Bf3 $36 {[%mdl 2048] White is really pushing.} Qg5 (15... Qb5 $16) 16. Rad1 $18 ({Inferior is} 16. Bxb7 Bxb7 17. Qxb7 Qd5 $11) 16... Bd7 $2 (16... Qb5 17. Rfe1 Bc5) 17. Qxb7 Bb5 (17... Qb5 $142 18. Ne5 Qxb7 19. Bxb7 Rad8 20. Nxd7 (20. Bxa6 Ba4 $18) 20... Rxd7) 18. Ne5 Bxf1 19. Qxf7+ (19. Kxf1 Qf5 $18) 19... Kh8 20. Qxe8+ {[%mdl 64] [#] Clearance} (20. Kxf1 Qf5 $18) 20... Rxe8 21. Nf7+ {[%mdl 64] Double Attack} Kg8 22. Nxg5 Bb5 23. Be5 h6 24. Ne4 Nxe4 25. Bxe4 Rf8 26. Bg3 a5 27. b3 Rc8 28. c4 Be8 29. Be5 a4 30. Bb7 Rc5 31. Bd4 Rc7 {Threatens to win with ...Bxd4.} 32. Bf3 ({Weaker is} 32. Bxa7 Rxb7 33. Bd4 axb3 $16) 32... axb3 33. axb3 Bxd4 34. Rxd4 {[%mdl 4096] Endgame KRB-KRB} Ra7 35. h4 Bg6 (35... Kf7 $142 36. Rd6 Kf6) 36. c5 Ra1+ (36... Kf8 $142 37. b4 e5) 37. Rd1 Rxd1+ 38. Bxd1 {KB-KB} Kf8 39. b4 {[%cal Bb3b4,Bb4b5,Bb5b6][%mdl 32]} Ke7 40. b5 Kd7 41. b6 Be4 42. Bf3 Bd3 43. c6+ Kc8 44. Kh2 {Played: Bf3-g4} 1-0